Cyclisme : Coureurs du Giro 2026 - Statistiques

Statistiques générales
  • Ce quiz a été pris 75 fois
  • Le résultat moyen est 70 sur 184
Statistiques - réponses
n coureur % Correct
31 Felix Gall
91%
14 Afonso Eulálio
89%
195 Jhonatan Narváez
87%
171 Jonas Vingegaard
87%
65 Jonathan Milan
87%
131 Paul Magnier
87%
121 Jai Hindley
85%
125 Giulio Pellizzari
84%
81 Enric Mas
82%
61 Giulio Ciccone
82%
191 Adam Yates
80%
141 Ben O'connor
80%
192 Igor Arrieta
80%
1 Kaden Groves
80%
11 Santiago Buitrago
78%
175 Sepp Kuss
78%
71 Arnaud de Lie
76%
63 Derek Gee-West
76%
112 Fabio Christen
76%
194 Jan Christen
76%
186 Mathys Rondel
76%
181 Michael Storer
76%
91 Egan Bernal
75%
92 Thymen Arensman
75%
172 Victor Campenaerts
73%
151 Warren Barguil
73%
177 Davide Piganzoli
71%
201 Dylan Groenewegen
71%
12 Damiano Caruso
65%
93 Filippo Ganna
65%
135 Jasper Stuyven
65%
193 Mikkel Bjerg
65%
32 Tobias Lund Andresen
65%
127 Aleksandr Vlasov
64%
198 Jay Vine
60%
196 Marc Soler
60%
207 Wout Poels
58%
41 Jefferson Alexander Cepeda
56%
226 Christian Scaroni
55%
88 Einer Rubio
55%
34 Gregor Mühlberger
55%
205 Lukáš Kubiš
53%
86 Nelson Oliveira
53%
35 Oliver Naesen
53%
197 António Morgado
51%
227 Guillermo Thomas Silva
51%
178 Tim Rex
51%
82 Orluis Aular
49%
36 Rasmus Søjberg Pedersen
49%
62 Simone Consonni
49%
16 Alec Segaert
47%
98 Ben Turner
47%
158 Casper van Uden
47%
214 Johannes Kulset
47%
56 Paul Penhoët
47%
54 Johan Jacobs
45%
222 Alberto Bettiol
44%
216 Andreas Leknessund
44%
37 Callum Scotson
44%
203 Matyáš Kopecký
44%
204 Tomáš Kopecký
44%
85 Lorenzo Milesi
42%
44 Madis Mihkels
42%
142 Pascal Ackermann
42%
45 Darren Rafferty
40%
38 Johannes Staune-Mittet
40%
78 Lennert van Eetvelt
40%
95 Magnus Sheffield
40%
68 Max Walscheid
40%
47 Michael Valgren
40%
51 Rémi Cavagna
40%
221 Davide Ballerini
38%
109 Ethan Vernon
38%
94 Jack Haig
38%
102 Jan Hirt
38%
48 Jardi Christiaan van der Lee
38%
55 Josh Kench
38%
161 Mattia Bais
38%
123 Nico Denz
38%
101 Alessandro Pinarello
36%
176 Bart Lemmen
36%
167 Diego Pablo Sevilla
36%
133 Gianmarco Garofoli
36%
43 Markel Beloki
36%
165 Andrea Mifsud
35%
157 Frank van den Broek
35%
84 Juan Pedro López
35%
8 Luca Vergallito
35%
57 Rémy Rochas
35%
67 Tim Torn Teutenberg
35%
173 Wilco Kelderman
35%
97 Connor Swift
33%
107 Corbin Strong
33%
137 Dries van Gestel
33%
5 Edward Planckaert
33%
124 Gianni Moscon
33%
122 Giovanni Aleotti
33%
224 Harold Martín López
33%
126 Mick Van Dijke
33%
206 Niklas Larsen
33%
33 Tord Gudmestad
33%
53 Axel Huens
31%
138 Filippo Zana
31%
187 Florian Stork
31%
13 Fran Miholjević
31%
87 Javier Romo
31%
2 Tobias Bayer
31%
228 Diego Ulissi
29%
211 Erlend Blikra
29%
225 Matteo Malucelli
29%
111 Sjoerd Bax
29%
64 Amanuel Ghebreigzabhier
27%
128 Ben Zwiehoff
27%
58 Brieuc Rolland
27%
116 Chris Harper
27%
18 Edoardo Zambanini
27%
208 Elmar Reinders
27%
66 Matteo Sobrero
27%
182 Will Barta
27%
113 David de la Cruz
25%
188 Larry Warbasse
25%
164 Mirco Maestri
25%
146 Alan Hatherly
24%
52 Cyril Barthe
24%
72 Toon Aerts
24%
24 Vicente Rojas
24%
148 Andrea Vendrame
22%
96 Embret Svestad-Bårdseng
22%
7 Johan Price-Pejtersen
22%
25 Manuele Tarozzi
22%
118 Nickolas Zukowsky
22%
174 Timo Kielich
22%
147 Christopher Juul-Jensen
20%
184 Fabian Lienhard
20%
145 Felix Engelhardt
20%
3 Francesco Busatto
20%
106 Jake Stewart
20%
6 Jensen Plowright
20%
143 Koen Bouwman
20%
22 Martin Marcellusi
20%
17 Robert Stannard
20%
103 Ryan Mullen
20%
83 Iván García Cortina
18%
46 James Shaw
18%
76 Lorenzo Rota
18%
217 Sakarias Koller Løland
18%
156 Tim Naberman
18%
152 Timo De Jong
18%
223 Arjen Livyns
16%
132 Ayco Bastiaens
16%
136 Fabio van den Bossche
16%
215 Fredrik Dversnes Lavik
16%
77 Jonas Rutsch
16%
75 Milan Menten
16%
144 Robert Donaldson
16%
183 Robin Froidevaux
16%
42 Samuele Battistella
16%
202 Hartthijs de Vries
15%
73 Joshua Giddings
15%
15 Mathijs Paasschens
15%
117 Matteo Moschetti
15%
153 Sean Flynn
15%
74 Simone Gualdi
15%
134 Andrea Raccagni Noviero
13%
154 Chris Hamilton
13%
4 Jonas Geens
13%
114 Mark Donovan
13%
218 Martin Tjøtta
13%
28 Enrico Zanoncello
11%
155 Gijs Leemreize
11%
163 Giovanni Lonardi
11%
185 Luca Mozzato
11%
105 Dion Smith
9%
27 Filippo Turconi
9%
162 Ludovico Crescioli
9%
212 Markus Hoelgaard
9%
104 Nick Schultz
9%
115 David González
7%
21 Filippo Magli
7%
26 Nikita Tsvetkov
7%
213 Ådne Holter
5%
168 Alessandro Tonelli
5%
23 Luca Paletti
4%
166 Thomas Pesenti
2%
Aucun quiz correspondant
Distribution des résultats
% des personnes avec chaque résultat
Percentile par nombre de réponses
Votre historique - résultats
Vous n’avez pas pris ce quiz